000 00818nam a2200253 a 4500
001 890
003 BR-CuiBMT
005 20231212144328.0
008 231122s2019 dfba 000 0 por d
020 _a9788595270350
040 _aBR-CuiBMT
_cBR-CuiBMT
080 _a347.963:349.2
_22007
090 _a347.963:349.2
_bC957m
100 1 0 _aCruz, Mário Luiz Vieira
245 1 2 _aO Ministério Público como garantia orgânica dos direitos fundamentais nas relações de trabalho /
_cMário Luiz Vieira Cruz.
260 _aBrasília :
_bESMPU,
_c2019.
300 _a550 p. :
_bil. ;
_c23 cm
504 _ainclui índice.
650 _aMinistério público do trabalho
_zBrasil
650 _a Relações trabalhistas
_zBrasil
650 _aDireitos fundamentais
650 _aDireito do trabalhador
942 _2udc
_cLV
999 _c890
_d890